000 00546nam a22002177a 4500
003 UA-OsUOA
001 87096
007 ta
008 20120914b un ||||| |||| 00| 0 ukr d
090 _a82.09
_bК 73
942 _cBK
040 _aUA-OsUOA
_bukr
_cUA-OsUOA
_dUA-OsUOA
245 _aКотляревський І.П. У критиці та документах
300 _a212 с.
955 _a3
041 _aukr
080 _a82.09
260 _aК.
_bХудожня література
_c1956
650 7 _2UDC
999 _c373387
_d373387